Marcatori della Roma in UEFA Champions League 2018-2019 - Statistics

Statistiche generali
  • Questo quiz è stato fatto 13 volte
  • Il punteggio medio è 11 su 14
Statistiche sulle risposte
Partita Minuto Marcatore % Corretto
Porto - Roma 3-1 (d.t.s) 37' Daniele De Rossi
100%
Roma - Viktoria Plzeň 5-0 3' Edin Džeko
92%
Roma - Viktoria Plzeň 5-0 40' Edin Džeko
92%
Roma - Viktoria Plzeň 5-0 92' Edin Džeko
92%
Roma - CSKA Mosca 3-0 30' Edin Džeko
92%
Roma - CSKA Mosca 3-0 43' Edin Džeko
92%
CSKA Mosca - Roma 1-2 4' Kōstas Manōlas
92%
Roma - Porto 2-1 70' Nicolò Zaniolo
75%
Roma - Porto 2-1 76' Nicolò Zaniolo
75%
Roma - Viktoria Plzeň 5-0 64' Cengiz Ünder
67%
Roma - CSKA Mosca 3-0 50' Cengiz Ünder
67%
Viktoria Plzeň - Roma 2-1 68' Cengiz Ünder
67%
CSKA Mosca - Roma 1-2 59' Lorenzo Pellegrini
58%
Roma - Viktoria Plzeň 5-0 73' Justin Kluivert
33%
Nessun quiz corrispondente trovato
Distribuzione punteggi
Percentuale di utenti per punteggio
Percentile per numero di risposta
I tuoi punteggi nel tempo
Non hai fatto questo quiz